000 00773nam a22002297a 4500
008 151012b xxu||||| |||| 00| 0 eng d
020 _a9780735557949 (hbk.)
020 _a0735557942 (hbk.)
020 _a9780735557956 (teacher's manual)
041 0 _aeng
080 _a343.98
100 1 _aKadish, Sanford H.
245 1 0 _aCriminal law and its processes :
_cSanford H. Kadish, Stephen J. Schulhofer, Carol S. Steiker.
250 _a8th ed.
260 _aAustin :
_bWolters Kluwer Law & Business/Aspen Publishers,
_c2007.
300 _axliii, 1173 f. :
_bme il.;
_c27 cm. +
_eteacher's manual.
650 0 _aKriminalistika
650 0 _aTaktika hetuese
700 1 _aSchulhofer, Stephen J.
700 1 _aSteiker, Carol S.
942 _2udc
_cBK
999 _c1255
_d1255